Poesías

Salvato in:
Dettagli Bibliografici
Autore principale: Arolas B., Juan (Padre, sacerdote)) 1805-1849 (autor)
Natura: Libro
Lingua:spagnolo
Pubblicazione: Madrid, España Editorial Espasa - Calpe, S.A. 1958
Serie:Clásicos Castellanos
Soggetti:
Tags: Aggiungi Tag
Nessun Tag, puoi essere il primo ad aggiungerne!!

MARC

LEADER 00000nam a22000005a 4500
001 7315
003 CL-ChBUA
005 20230530111139.0
007 ta
008 070301t1958 sp 000 1 spa
040 |a CL-ChBUA  |c CL-ChBUA  |e rda 
082 0 0 |a 861.5  |2 22 
100 1 |a Arolas B., Juan (Padre, sacerdote))  |d 1805-1849  |e autor 
245 1 0 |a Poesías   |c Padre Juan Arolas B. (autor) 
260 |b Editorial Espasa - Calpe, S.A.  |a Madrid, España  |c 1958 
300 |a XXXVIII, 303 páginas  |c 19 cm 
336 |2 rdacontent  |a text  |b txt 
337 |2 rdamedia  |a unmediated  |b n 
338 |2 rdacarrier  |a volume  |b nc 
440 |a Clásicos Castellanos   |n Nº 95  
504 |a índice 
650 4 |a LITERATURA ESPAÑOLA   |x POESÍA 
650 4 |a POESÍA ESPAÑOLA 
942 |c LIB  |2 ddc 
945 |0 nac 
952 |0 0  |1 0  |2 ddc  |4 0  |6 861_500000000000000_AR_769  |7 0  |9 10917  |a UNACH  |b UNACH  |c 800  |d 2007-03-05  |i 14.961  |l 0  |o 861.5 / Ar 769  |p 11916  |r 2026-04-13 19:47:47  |t 1  |u 10917  |w 2012-08-08  |y LIB 
999 |c 7315  |d 7315